| 000 | 00503nam a2200193Ia 4500 | ||
|---|---|---|---|
| 001 | 59693 | ||
| 008 | 160423n ii |||gr||||Z||||||465 | ||
| 020 | _a978-1-4704-2594-4 | ||
| 082 | _a515.353 | ||
| 100 | _aWeber, Rebecca. | ||
| 245 | 0 |
_aComputability Theory _cBy Rebecca Weber _hTextual Documents |
|
| 250 | _aFirst---2016. | ||
| 260 |
_aRhode Island: _bAMS. |
||
| 300 |
_a203pg: _c23cm. |
||
| 653 | _aMathematics | ||
| 653 | _aComputability Theory | ||
| 653 | _aG-Mathematics | ||
| 942 |
_2ddc _cBK |
||
| 999 |
_c59569 _d59569 |
||